|
|
|
|
| LEADER |
01831nam a2200409 4500 |
| 001 |
ocm77236461 |
| 003 |
OCoLC |
| 005 |
20180501121909.0 |
| 006 |
m o d |
| 007 |
cr cnu---unuuu |
| 008 |
061221s2005 ne ob 001 0 eng d |
| 040 |
|
|
|a N$T
|b eng
|e pn
|c N$T
|d YDXCP
|d OCLCQ
|d OCLCG
|d OCLCQ
|d CNCGM
|d MHW
|d OCLCQ
|d OPELS
|d OCLCQ
|d OCLCF
|d UKDOC
|d OCLCQ
|d DEBSZ
|d OCLCQ
|d DEBBG
|d GrThAP
|
| 019 |
|
|
|a 148775849
|a 426336303
|
| 020 |
|
|
|a 008045819X
|q (electronic bk.)
|
| 020 |
|
|
|a 9780080458199
|q (electronic bk.)
|
| 020 |
|
|
|a 0120335409
|q (electronic bk.)
|
| 020 |
|
|
|a 9780120335404
|q (electronic bk.)
|
| 035 |
|
|
|a (OCoLC)77236461
|z (OCoLC)148775849
|z (OCoLC)426336303
|
| 050 |
|
4 |
|a QD476
|b .A4eb vol. 40
|
| 072 |
|
7 |
|a SCI
|x 013040
|2 bisacsh
|
| 082 |
0 |
4 |
|a 547/.13
|2 22
|
| 049 |
|
|
|a TEFA
|
| 245 |
0 |
0 |
|a Advances in physical organic chemistry.
|n Volume 40 /
|c editor, J.P. Richard.
|
| 250 |
|
|
|a 1st ed.
|
| 260 |
|
|
|a Amsterdam ;
|a Boston :
|b Elsevier Academic Press,
|c 2005.
|
| 300 |
|
|
|a 1 online resource
|
| 336 |
|
|
|a text
|b txt
|2 rdacontent
|
| 337 |
|
|
|a computer
|b c
|2 rdamedia
|
| 338 |
|
|
|a online resource
|b cr
|2 rdacarrier
|
| 504 |
|
|
|a Includes bibliographical references and index.
|
| 520 |
|
|
|a Advances in Physical Organic Chemistry provides the chemical community with authoritative and critical assessments of the many aspects of physical organic chemistry. The field is a rapidly developing one, with results and methodologies finding application from biology to solid state physics.
|
| 650 |
|
0 |
|a Physical organic chemistry.
|
| 650 |
|
7 |
|a SCIENCE
|x Chemistry
|x Organic.
|2 bisacsh
|
| 650 |
|
7 |
|a Physical organic chemistry.
|2 fast
|0 (OCoLC)fst01715687
|
| 655 |
|
4 |
|a Electronic books.
|
| 700 |
1 |
|
|a Richard, J. P.
|q (John P.)
|
| 856 |
4 |
0 |
|u https://www.sciencedirect.com/science/bookseries/00653160/40
|z Full Text via HEAL-Link
|